Movies by Single-Word Clue - Statistics

General Stats
  • This quiz has been taken 97 times
  • The average score is 9 of 20
Answer Stats
Keyword Answer % Correct
Shark Jaws
95%
Minions Despicable Me
82%
Gorilla King Kong
82%
Toto The Wizard of Oz
77%
DeLorean Back to the Future
76%
Shower Psycho
73%
Pottery Ghost
67%
Chianti Silence of the Lambs
56%
Punxsatawney Groundhog Day
51%
Bubba Forrest Gump
50%
Rosebud Citizen Kane
46%
Chariot Ben Hur
44%
Replicant Blade Runner
27%
Attica Dog Day Afternoon
14%
Gonzo Fear and Loathing in Las Vegas
13%
Jareth Labyrinth
13%
VX The Rock
10%
Plastics The Graduate
8%
Fidelio Eyes Wide Shut
7%
Tarah Gone With the Wind
5%
No matching quizzes found
Score Distribution
Percent of People with Each Score
Percentile by Number Answered
Your Score History
You have not taken this quiz